000 00645nam a22001937a 4500
003 OSt
005 20251001044948.0
008 251001b |||||||| |||| 00| 0 eng d
020 _a0155017284
040 _aDWCL-Main lib
_cOC
082 _28th edition
_aCirc. 158.2 Al316 1996
100 _aAdler, Ronald B.
245 _aLooking out, Looking in:
_binterpersonal communication/
_cRonald B. Adler
250 _a 8th edition
260 _aFlorida:
_bHolt, Rinehart and Winston, Inc.,
_cc1996
300 _axii, 477 pages:
_bcolor illustration
_c26cm.
650 _a1. Interpersonal communication
942 _2ddc
_cBK-CIRC
_e8th edition
_kCirc.
_n0
999 _c4603
_d4603